Formy krasu powierzchniowego - Statystyki

Ogólne statystyki
  • Ten quiz został rozwiązany 37 razy
  • Średni wynik to 4 z 11
Statystyki odpowiedzi
Definicja Forma % Poprawnych
Miejsce, gdzie rzeka wpływa pod powierzchnię ziemi. Ponor
74%
Źródło krasowe charakteryzujące się bardzo obfitym wypływem wody na powierzchnię ziemi. Wywierzysko
67%
Rozległe zagłębienia powstałe z połączeń kilku lejków krasowych. Uwały
52%
Rozległa kotlina powstała przez połączenie kilku uwałów. Polje
48%
Izolowane wyniesienie będące pozostałością odporniejszych skał wapiennych (mogą mieć postać maczug i iglic). Ostańce krasowe
44%
Kopulaste wzniesienia stworzone ze skał wapiennych, wystające ponad powierzchnię zrównania. Mogoty
37%
Bruzdy utworzone przez spływającą strużkami wodę. Żłobki krasowe
37%
Zamknięte zagłębienia o średnicy kilku metrów utworzone na powierzchni w wyniku wpadającej do szczeliny wody, a także zapadania się stropów jaskiń. Lejki Krasowe
26%
Znaczne zapadnięcie terenu o wydłużonym kształcie i wyrównanym dnie Dolina Krasowa
15%
Drobne zagłębienia skupione na niewielkiej przestrzeni. Ospa Krasowa
11%
Formy krasu powierzchniowego lub podziemnego; martwica wapienna wokół ciepłych źródeł. Trawentyny
4%
Nie znaleziono quizów pasujących do podanych kryteriów
Rozkład punktacji
Procent ludzi z każdym wynikiem
Percentyl według liczby udzielonych odpowiedzi
Twoja historia wyników
Nie rozwiązałeś tego quizu